|
|
|
|
| LEADER |
00000cam a2200000 7i4500 |
| 001 |
0000029337 |
| 005 |
20201223.0 |
| 008 |
100521 |
| 020 |
|
|
|a 9831976111
|
| 090 |
0 |
0 |
|a KHA
|b MAL
|
| 100 |
0 |
|
|a Khairul Fazilah
|
| 245 |
1 |
0 |
|a Setinggi harapan
|c Khairul Fazilah
|
| 260 |
|
|
|a Kuala Lumpur :
|b Synergy Media:[200?]
|
| 300 |
|
|
|a 177ms. :
|b il ;
|c 18cm.
|
| 490 |
0 |
|
|a Novel remaja Islam
|
| 500 |
|
|
|a Teenager ages 13-18 years old (blue)
|
| 650 |
|
0 |
|a Malay fiction
|
| 655 |
0 |
0 |
|a Novel remaja
|
| 999 |
|
|
|a 0001059633
|b Book
|c Teenagers
|e Perbadanan Perpustakaan Awam Johor
|
| 999 |
|
|
|a 0001059634
|b Book
|c Teenagers
|e Perbadanan Perpustakaan Awam Johor
|
| 999 |
|
|
|a 0001059635
|b Book
|c Teenagers
|e Perbadanan Perpustakaan Awam Johor
|
| 999 |
|
|
|a 0001059636
|b Book
|c Teenagers
|e Perbadanan Perpustakaan Awam Johor
|
| 999 |
|
|
|a 0001229660
|b Book
|c Adult Collection
|e Cawangan Taman Sri Lambak
|
| 999 |
|
|
|a 0001229661
|b Book
|c Teenagers
|e Cawangan Bandar Tenggara
|
| 999 |
|
|
|a 0001229663
|b Book
|c Adult Collection
|e Cawangan Pontian
|
| 999 |
|
|
|a 0001229666
|b Book
|c Adult Collection
|e Cawangan Bandar Penawar
|
| 999 |
|
|
|a 0001229667
|b Book
|c Teenagers
|e Cawangan Mersing
|
| 999 |
|
|
|a 0001229668
|b Book
|c Adult Collection
|e Cawangan Tangkak
|
| 999 |
|
|
|a 0001229669
|b Book
|c Teenagers
|e Cawangan Bukit Gambir
|
| 999 |
|
|
|a 0001229672
|b Book
|c Adult Collection
|e Cawangan Segamat
|